[Event "DOM-ch"]
[Site "Santo Domingo"]
[Date "2022.02.19"]
[Round "3"]
[White "Feliz Custodio, Miguel Angel"]
[Black "Toro Rojas, Freddy Alberto"]
[Result "1/2-1/2"]
[WhiteElo "1805"]
[BlackElo "1916"]
[PlyCount "54"]
[EventDate "2022.02.18"]
[EventType "swiss"]
[EventRounds "11"]
[EventCountry "DOM"]
[SourceTitle "EXT 2023"]
[Source "ChessBase"]
[SourceDate "2022.10.05"]
[SourceVersion "1"]
[SourceVersionDate "2022.10.05"]
[SourceQuality "1"]

1. d4 d5 2. Bf4 Bf5 3. e3 e6 4. Nd2 Bd6 5. Bxd6 Qxd6 6. f4 Nf6 7. Ngf3 Nbd7 8. Ne5 Ne4 9. Bd3 Nxd2 10. Qxd2 Bxd3 11. Nxd3 0-0 12. 0-0 Nf6 13. Nf2 c5 14. c3 b5 15. g4 Rab8 16. g5 Ne4 17. Nxe4 dxe4 18. Rad1 f5 19. gxf6 Rxf6 20. Kh1 c4 21. Rg1 Rf5 22. Qg2 g6 23. Qxe4 b4 24. Rg2 bxc3 25. bxc3 Qd5 26. Qc2 Qf3 27. Qe2 Qe4 1/2-1/2

[Event "DOM-ch"]
[Site "Santo Domingo"]
[Date "2021.05.15"]
[Round "6"]
[White "Feliz Custodio, Miguel Angel"]
[Black "Barjan Pinedo, Jose Antonio"]
[Result "0-1"]
[WhiteElo "1779"]
[BlackElo "2054"]
[PlyCount "92"]
[EventDate "2021.05.07"]
[EventType "swiss"]
[EventRounds "11"]
[EventCountry "DOM"]
[SourceTitle "CBM 203 Extra"]
[Source "ChessBase"]
[SourceDate "2021.09.30"]
[SourceVersion "1"]
[SourceVersionDate "2021.09.30"]
[SourceQuality "1"]

1. d4 d5 2. Bf4 e6 3. e3 Nf6 4. Nd2 c5 5. c3 Nc6 6. Bd3 c4 7. Bc2 h6 8. b3 b5 9. a4 cxb3 10. Bxb3 bxa4 11. Bxa4 Bd7 12. h3 Be7 13. Ngf3 0-0 14. 0-0 Ne4 15. Nxe4 dxe4 16. Nd2 f5 17. c4 Nb4 18. c5 Bxa4 19. Qxa4 Nd3 20. Bh2 Qd5 21. Qc4 f4 22. Ra6 fxe3 23. fxe3 Bg5 24. Bf4 Nxf4 25. exf4 Bxf4 26. Rxf4 Rxf4 27. Rxe6 Qxc4 28. Nxc4 e3 29. Nxe3 Rxd4 30. c6 Kf7 31. Re5 Rc8 32. Rc5 Ke6 33. Nf5 Rd1+ 34. Kf2 Rf8 35. Ke2 Rxf5 36. Rxf5 Kxf5 37. Kxd1 Ke6 38. Kc2 Kd6 39. Kb3 Kxc6 40. Kb4 Kb6 41. g3 g5 42. h4 g4 43. Kc4 Kc6 44. Kd4 h5 45. Ke4 a5 46. Kf5 a4 0-1

[Event "Santo Domingo Provincial-ch"]
[Site "Santo Domingo"]
[Date "2018.11.24"]
[Round "2"]
[White "Jimenez Jimenez, Leandro"]
[Black "Feliz Custodio, Miguel Angel"]
[Result "1/2-1/2"]
[WhiteElo "2001"]
[BlackElo "1730"]
[PlyCount "59"]
[EventDate "2018.11.23"]
[EventType "swiss"]
[EventRounds "7"]
[EventCountry "DOM"]
[SourceTitle "CBM 187 Extra"]
[Source "ChessBase"]
[SourceDate "2018.11.04"]
[SourceVersion "1"]
[SourceVersionDate "2018.11.04"]
[SourceQuality "1"]

1. d4 f5 2. c4 Nf6 3. g3 e6 4. Bg2 d5 5. Nf3 Be7 6. 0-0 c6 7. b3 a5 8. Ba3 0-0 9. Bxe7 Qxe7 10. Nbd2 Ne4 11. Ne5 Nxd2 12. Qxd2 Nd7 13. Nd3 Qf6 14. Qf4 g5 15. Qd6 Ra6 16. c5 Re8 17. e3 Qe7 18. Qxe7 Rxe7 19. f4 h6 20. a3 b5 21. cxb6 Rxb6 22. Rfb1 Ba6 23. Nc5 Nxc5 24. dxc5 Rb8 25. b4 Reb7 26. Rb2 Bd3 27. Rd1 Bc4 28. Rdb1 Bd3 29. Rd1 Bc4 30. Rdb1 1/2-1/2